| 000 | 00530nam a22001697a 4500 | ||
|---|---|---|---|
| 008 | 230628b |||||||| |||| 00| 0 eng d | ||
| 020 | _a81-88060-43-7 | ||
| 040 |
_aNational Science Library _cNational Science Library |
||
| 080 |
_a325(540) _bP5 |
||
| 100 | 1 |
_aBhatnagar, rajendra mohan _912483 |
|
| 245 | _aआज़ादी की पहली लड़ाई | ||
| 246 |
_aAzaadi ki pehali ladai _hHindi |
||
| 260 |
_aNew Delhi: _bSunil Sahitya Sadan, _c2005 |
||
| 300 | _a96p. | ||
| 365 |
_b100.00 _cINR |
||
| 942 |
_2udc _cBK |
||
| 999 |
_c48278 _d48278 |
||